Nalaganje...
Samay chakra/
| Glavni avtor: | |
|---|---|
| Format: | Printed Book |
| Izdano: |
Allahabad:
Ganga Publication,
2016.
|
| Teme: |
| LEADER | 00516nam a22001697a 4500 | ||
|---|---|---|---|
| 999 | |c 145107 |d 145107 | ||
| 020 | |a 8190672603 | ||
| 082 | |a HI |b DIN/S | ||
| 100 | |a Dinesh Kumar Shukla | ||
| 245 | |a Samay chakra/ |c by Dinesh Kumar Shukla | ||
| 260 | |a Allahabad: |b Ganga Publication, |c 2016. | ||
| 300 | |a 110p. | ||
| 650 | |a Poetry Hindi | ||
| 650 | |a Literature Hindi | ||
| 650 | |a Literature | ||
| 942 | |c BK | ||
| 952 | |0 0 |1 0 |4 0 |6 HI_DIN_S |7 0 |9 103490 |a SSUS |b SSUS |c STACKS |d 2020-09-15 |g 350.00 |o HI DIN/S |p 100444 |r 2020-09-15 |w 2020-09-15 |y BK | ||